000 00444nam a22001817a 4500
003 MPLRDC
005 20220104184326.0
008 210129b ||||| |||| 00| 0 eng d
020 _a7-5086-0779-5
082 _a874.57 KEL
100 _aEUGENE O'KELLY
245 _a追逐日光
_c蒋旭峰译
250 _a初版一刷
260 _a中国
_b中信出版社
_c2007
300 _b
650 _a美国文学
942 _cBK
_o874.57 KEL
999 _c62812
_d62802